[Event "10th North Sea Cup"]
[Site "Esbjerg DEN"]
[Date "1985.07.??"]
[Round "9"]
[White "Hjartarson, Johann"]
[Black "Plaskett, Harold James"]
[Result "1-0"]
[WhiteElo "2505"]
[BlackElo "2480"]
[EventDate "1985.07.??"]
[PlyCount "75"]

1.Nf3 Nf6 2.c4 e6 3.Nc3 Bb4 4.Qc2 O-O 5.a3 Bxc3 6.Qxc3 b6 7.b4 Bb7 8.Bb2 
d6 9.g3 c5 10.Bg2 Nc6 11.O-O Rc8 12.d3 e5 13.bxc5 bxc5 14.e3 Rb8 15.Rab1 
Qe7 16.Ba1 Nd8 17.d4 cxd4 18.exd4 e4 19.Nh4 d5 20.cxd5 Nxd5 21.Qa5 Qe6 22.
Rfe1 f5 23.Qxa7 Nc6 24.Qc5 Qd7 25.f3 e3 26.f4 Nce7 27.Nf3 Rbc8 28.Ne5 Qe6 
29.Rxb7 Rxc5 30.dxc5 Qa6 31.Rd7 Rb8 32.Bxd5+ Nxd5 33.Rxd5 Qxa3 34.c6 Qa2 
35.Red1 Qf2+ 36.Kh1 Rf8 37.Rd7 e2 38.Rxg7+ 1-0

[Event "10th North Sea Cup"]
[Site "Esbjerg DEN"]
[Date "1985.07.??"]
[Round "9"]
[White "Kristiansen, Jens"]
[Black "Hansen, Curt"]
[Result "0-1"]
[WhiteElo "2390"]
[BlackElo "2500"]
[EventDate "1985.07.??"]
[PlyCount "80"]

1.e4 c5 2.Nf3 d6 3.d4 cxd4 4.Nxd4 Nf6 5.Nc3 a6 6.Be2 e5 7.Nb3 Be7 8.O-O 
O-O 9.Be3 Be6 10.Nd5 Nxd5 11.exd5 Bf5 12.Qd2 Nd7 13.Na5 Qc7 14.c4 Bg6 15.
b4 Rfe8 16.Rac1 b6 17.Nc6 Bf8 18.f4 exf4 19.Bxf4 a5 20.a3 axb4 21.axb4 Nf6
22.Bf3 Qb7 23.Qd4 Ra3 24.Ra1 Rd3 25.Qf2 b5 26.Ra7 Qc8 27.cxb5 Nxd5 28.Bc1 
Nc3 29.b6 d5 30.Rc7 Qe6 31.Bb2 Nb5 32.Bg4 f5 33.Nd4 Rxd4 34.Bxd4 Nxc7 35.
Bf3 Na6 36.b5 Nb4 37.Ra1 f4 38.b7 Rb8 39.Ra8 Qe8 40.Ra7 Qxb5 0-1

[Event "10th North Sea Cup"]
[Site "Esbjerg DEN"]
[Date "1985.07.??"]
[Round "9"]
[White "Mortensen, Erling"]
[Black "Csom, Istvan"]
[Result "0-1"]
[WhiteElo "2450"]
[BlackElo "2465"]
[EventDate "1985.07.??"]
[PlyCount "92"]

1.e4 c5 2.Nf3 d6 3.d4 cxd4 4.Nxd4 Nf6 5.Nc3 Nc6 6.Bc4 Bd7 7.Bb3 Rc8 8.f4 
g6 9.Nf3 Bg7 10.h3 O-O 11.e5 Ne8 12.Qe2 dxe5 13.fxe5 Nc7 14.O-O Na5 15.Rd1
Qe8 16.Bf4 a6 17.Qe3 Nxb3 18.axb3 Ne6 19.Bh6 Bc6 20.Bxg7 Kxg7 21.Nd4 Nxd4 
22.Rxd4 f6 23.Ne2 Qf7 24.e6 Qg8 25.Rad1 Rfd8 26.R1d3 Rxd4 27.Nxd4 Qe8 28.
Qd2 Be4 29.Re3 Bc6 30.Qb4 Kf8 31.Rc3 Be4 32.Re3 Bc6 33.Rd3 Rd8 34.Rc3 Rd6 
35.Nxc6 bxc6 36.Re3 Qd8 37.Re1 Rd2 38.Qc4 Qd6 39.Qxa6 Qg3 40.Qf1 Rxc2 41.
Re2 Qxb3 42.Rxc2 Qxc2 43.Qa6 Qd1+ 44.Kf2 Qd4+ 45.Kf1 Qf4+ 46.Ke1 Qc1+ 0-1

[Event "10th North Sea Cup"]
[Site "Esbjerg DEN"]
[Date "1985.07.??"]
[Round "10"]
[White "Fries-Nielsen, Jens Ove"]
[Black "Mortensen, Erling"]
[Result "1-0"]
[WhiteElo "2395"]
[BlackElo "2450"]
[EventDate "1985.07.??"]
[PlyCount "59"]

1.d4 Nf6 2.c4 g6 3.Nc3 Bg7 4.e4 d6 5.f4 c5 6.d5 O-O 7.Nf3 e6 8.Be2 exd5 9.
e5 Ng4 10.cxd5 dxe5 11.h3 e4 12.hxg4 exf3 13.gxf3 Re8 14.f5 b6 15.fxg6 
fxg6 16.Kf1 Ba6 17.Ne4 Qd7 18.Kg2 Bxe2 19.Qxe2 Na6 20.Bh6 Nb4 21.Bxg7 Kxg7
22.d6 Qxd6 23.Qc4 Qe7 24.Rae1 Rad8 25.Rxh7+ Kxh7 26.Ng5+ Kh6 27.Rxe7 Rd2+ 
28.Kg3 Rxe7 29.Qf4 Rd4 30.Qf8+ 1-0

[Event "10th North Sea Cup"]
[Site "Esbjerg DEN"]
[Date "1985.07.??"]
[Round "10"]
[White "Hansen, Curt"]
[Black "Hjartarson, Johann"]
[Result "1-0"]
[WhiteElo "2500"]
[BlackElo "2505"]
[EventDate "1985.07.??"]
[PlyCount "77"]

1.d4 Nf6 2.c4 c5 3.Nf3 cxd4 4.Nxd4 e6 5.Nc3 Bb4 6.Bd2 O-O 7.a3 Bxc3 8.Bxc3
Ne4 9.Qc2 d5 10.e3 Nxc3 11.Qxc3 dxc4 12.Bxc4 b6 13.O-O Bb7 14.Bxe6 fxe6 
15.Nxe6 Qf6 16.Qxf6 Rxf6 17.Nc7 Nd7 18.Nxa8 Bxa8 19.Rfd1 Bc6 20.f3 Kf7 21.
Rac1 Ke7 22.Rc3 a5 23.b3 Rd6 24.Rxd6 Kxd6 25.Kf2 Bd5 26.e4 Be6 27.Ke3 b5 
28.b4 a4 29.Kd4 Ne5 30.Rc5 Nc4 31.Rxb5 Nxa3 32.Rb6+ Kd7 33.Ra6 Bb3 34.e5 
Nc2+ 35.Kc3 Ne3 36.b5 Nd5+ 37.Kb2 Bc4 38.Rd6+ Kc7 39.Rc6+ 1-0

[Event "10th North Sea Cup"]
[Site "Esbjerg DEN"]
[Date "1985.07.??"]
[Round "10"]
[White "Roedgaard, John"]
[Black "Farago, Ivan"]
[Result "0-1"]
[WhiteElo "2365"]
[BlackElo "2510"]
[EventDate "1985.07.??"]
[PlyCount "122"]

1.e4 e6 2.d4 d5 3.Nd2 Nf6 4.e5 Nfd7 5.c3 c5 6.Bd3 Nc6 7.Ne2 cxd4 8.cxd4 
Qb6 9.Nf3 f6 10.exf6 Nxf6 11.O-O Bd6 12.Nc3 O-O 13.Re1 Bd7 14.Bg5 Ng4 15.
Bh4 Nh6 16.Bg3 Be7 17.a3 Rac8 18.Na4 Qd8 19.Rc1 Qe8 20.Nc3 Nf5 21.Bxf5 
Rxf5 22.Ne5 Nxe5 23.Rxe5 Rf7 24.Qd2 Qd8 25.Rc2 Qb6 26.Re1 Rc4 27.Be5 Qb3 
28.Rec1 Bd8 29.Nd1 Rc6 30.Rxc6 bxc6 31.Qc3 Qb5 32.b4 a5 33.Nb2 Bg5 34.Re1 
axb4 35.axb4 Be8 36.g3 Be7 37.Nd3 Rf3 38.Re3 Rxe3 39.fxe3 Bg6 40.Nf4 Be4 
41.h4 Qc4 42.Qb2 Bf5 43.Nh5 Qd3 44.Nxg7 Qd1+ 45.Kf2 Bh3 46.Qe2 Qxe2+ 47.
Kxe2 Bg4+ 48.Kd3 Kf7 49.Kc3 Bf8 50.Nxe6 Kxe6 51.Kb3 Bh6 52.Bf4 Bxf4 53.
exf4 Kf5 54.Ka4 Ke4 55.Ka5 Kxd4 56.Kb6 Kc4 57.Kxc6 d4 58.b5 d3 59.b6 d2 
60.b7 Bf3+ 61.Kc7 Bxb7 0-1

[Event "10th North Sea Cup"]
[Site "Esbjerg DEN"]
[Date "1985.07.??"]
[Round "11"]
[White "Farago, Ivan"]
[Black "Olafsson, Helgi"]
[Result "1/2-1/2"]
[WhiteElo "2510"]
[BlackElo "2515"]
[EventDate "1985.07.??"]
[PlyCount "24"]

1.d4 Nf6 2.c4 c5 3.d5 g6 4.Nc3 Bg7 5.e4 d6 6.Nf3 O-O 7.h3 e6 8.Bd3 exd5 9.
exd5 Re8+ 10.Be3 Bh6 11.O-O Bxe3 12.fxe3 Nbd7 1/2-1/2

[Event "10th North Sea Cup"]
[Site "Esbjerg DEN"]
[Date "1985.07.??"]
[Round "11"]
[White "Ftacnik, Lubomir"]
[Black "Roedgaard, John"]
[Result "1/2-1/2"]
[WhiteElo "2500"]
[BlackElo "2365"]
[EventDate "1985.07.??"]
[PlyCount "50"]

1.c4 e6 2.Nc3 d5 3.d4 Nf6 4.Bg5 Be7 5.Nf3 h6 6.Bxf6 Bxf6 7.e3 dxc4 8.Bxc4 
c5 9.dxc5 Bxc3+ 10.bxc3 Qa5 11.O-O O-O 12.Ne5 Qxc5 13.Qd4 Qc7 14.Rfd1 Nd7 
15.Nd3 e5 16.Qh4 Nf6 17.Bb3 Bf5 18.Qb4 Rac8 19.c4 Rfd8 20.Qc3 Bxd3 21.Rxd3
Ne4 22.Qc2 Rxd3 23.Qxd3 Nc5 24.Qc3 Rd8 25.Rd1 Nxb3 1/2-1/2

[Event "10th North Sea Cup"]
[Site "Esbjerg DEN"]
[Date "1985.07.??"]
[Round "11"]
[White "Hjartarson, Johann"]
[Black "Csom, Istvan"]
[Result "1/2-1/2"]
[WhiteElo "2505"]
[BlackElo "2465"]
[EventDate "1985.07.??"]
[PlyCount "41"]

1.Nf3 Nf6 2.g3 g6 3.Bg2 Bg7 4.O-O O-O 5.c4 c6 6.d4 d5 7.cxd5 cxd5 8.Ne5 e6
9.Nc3 Nfd7 10.Nxd7 Qxd7 11.b3 Nc6 12.Ba3 Rd8 13.e3 b6 14.Qd3 Bb7 15.Rfc1 
Rac8 16.Ne2 Nb8 17.Nf4 Rxc1+ 18.Rxc1 Rc8 19.Rxc8+ Qxc8 20.h4 Nd7 21.Bh3 
1/2-1/2

[Event "10th North Sea Cup"]
[Site "Esbjerg DEN"]
[Date "1985.07.??"]
[Round "11"]
[White "Kristiansen, Jens"]
[Black "Fries-Nielsen, Jens Ove"]
[Result "1/2-1/2"]
[WhiteElo "2390"]
[BlackElo "2395"]
[EventDate "1985.07.??"]
[PlyCount "22"]

1.e4 c5 2.Nf3 e6 3.b3 b6 4.Bb2 Bb7 5.Qe2 Nf6 6.e5 Nd5 7.g3 Nc6 8.Bg2 Ndb4 
9.d3 Nd4 10.Bxd4 cxd4 11.a3 Nc6 1/2-1/2

[Event "10th North Sea Cup"]
[Site "Esbjerg DEN"]
[Date "1985.07.??"]
[Round "11"]
[White "Plaskett, Harold James"]
[Black "Hansen, Curt"]
[Result "0-1"]
[WhiteElo "2480"]
[BlackElo "2500"]
[EventDate "1985.07.??"]
[PlyCount "96"]

1.e4 c5 2.c3 d5 3.exd5 Qxd5 4.d4 e6 5.Nf3 Nf6 6.Bd3 Be7 7.O-O O-O 8.Re1 
Nc6 9.Be3 Rd8 10.Bc2 cxd4 11.cxd4 Qb5 12.Bb3 Na5 13.Nc3 Qb4 14.Bc2 Qxb2 
15.Qd3 Bd7 16.Rab1 Qa3 17.d5 g6 18.Bb3 exd5 19.Nxd5 Nxd5 20.Qxd5 Nxb3 21.
axb3 Bf5 22.Qxb7 Bxb1 23.Rxb1 Qb4 24.Qa6 Qd6 25.Qb5 Qd1+ 26.Qf1 Qxf1+ 27.
Kxf1 Rdc8 28.Ke2 Bc5 29.Bf4 Re8+ 30.Kf1 Re4 31.Bd2 Rae8 32.b4 Bb6 33.h3 
Re2 34.Be1 Rc2 35.Bd2 Kg7 36.Rb3 Ra2 37.Bc3+ f6 38.Bb2 Rc8 39.Ne1 Rc4 40.
Nd3 Bd4 41.Bxd4 Rxd4 42.g3 Kf7 43.Kg2 Ke6 44.b5 Kd5 45.Rc3 Rc4 46.Rb3 Rcc2
47.b6 axb6 48.Rxb6 Kc4 0-1